LEADER 01256nam0-22004331i-450- 001 990001720400403321 005 20120903151115.0 035 $a000172040 035 $aFED01000172040 035 $a(Aleph)000172040FED01 035 $a000172040 100 $a20030910d1950----km-y0itay50------ba 101 0 $aita 102 $aIT 105 $ay-------001yy 200 1 $a<>casa rurale nella Romagna$fLucio Gambi$gcon una prefazione del prof. Renato Biasutti 210 $aFirenze$cCentro di studio per la geografia etnologica$d1950 215 $a111 p.$d25 cm 225 1 $aRicerche sulle dimore rurali in Italia$v6 610 0 $aCostruzioni rurali 610 0 $aRomagna 676 $a690.892 700 1$aGambi,$bLucio$f<1920-2006>$032332 801 0$aIT$bUNINA$gRICA$2UNIMARC 901 $aBK 912 $a990001720400403321 952 $aARCH B 344$b4482$fFARBC 952 $aARCH B 345$b4986$fFARBC 952 $aE'-09A-006$bIst. s.i.$fILFGE 952 $a01 I 1008$b0471$fDINST 952 $a60 690.892 B 2/6$b1275$fFAGBC 952 $a21.046$b3271$fDARST 959 $aDINST 959 $aFAGBC 959 $aILFGE 959 $aFARBC 959 $aDARST 996 $aCasa rurale nella Romagna$975586 997 $aUNINA LEADER 01722nam--2200481---450- 001 990000747570203316 005 20091123183143.0 010 $a88-204-8400-5 035 $a0074757 035 $aUSA010074757 035 $a(ALEPH)000074757USA01 035 $a0074757 100 $a20011116h1994----km-y0itay0103----ba 101 $aita 102 $aIT 105 $a||||||||001yy 200 1 $aPolitiche industriali, concorrenza e sviluppo nel mezzogiorno d'Europa$fIstituto Guglielmo Tagliacarne per la promozione della cultura economica 210 $aMilano$cF. Angeli$dc1994 215 $a223 p$d22 cm 410 $12001 606 0 $aPaesi mediterranei$xSviluppo industriale$z1980-1990 606 0 $aComunitą economica europea$xPolitica regionale 676 $a338.091822 710 02$aIstituto Guglielmo Tagliacarne per la promozione della cultura economica$088853 801 0$aIT$bsalbc$gISBD 912 $a990000747570203316 951 $aXXX.B. Coll. 43/ 11 (COLL.PEH 99)$b3281 EC$cXXX.B. Coll. 43/ 11 (COLL.PEH)$d00247159 951 $aXXX.B. Coll. 43/ 11 a (COLL.PEH 99)$b6051 G$cXXX.B. Coll. 43/ 11 a (COLL.PEH)$d00247185 951 $a338.9 IST$b6107 DISES 959 $aBK 969 $aECO 969 $aDISES 979 $aPATTY$b90$c20011116$lUSA01$h1142 979 $c20020403$lUSA01$h1722 979 $aPATRY$b90$c20040406$lUSA01$h1651 979 $aRSIAV3$b90$c20091123$lUSA01$h1829 979 $aRSIAV3$b90$c20091123$lUSA01$h1831 979 $c20121027$lUSA01$h1544 979 $c20121027$lUSA01$h1558 979 $c20121027$lUSA01$h1610 996 $aPolitiche industriali, concorrenza e sviluppo nel Mezzogiorno d'Europa$9418395 997 $aUNISA DEB $aUSA3363 LEADER 01013nam0-2200313 --450 001 9910407960503321 005 20200714090820.0 010 $a978-88-6655-633-6 020 $aIT$b2015-2362 100 $a20200714d2014----kmuy0itay5050 ba 101 0 $aeng 102 $aIT 105 $a 001yy 200 1 $aGender and the European Union$fedited by Sonia Lucarelli 210 $aFirenze$cFirenze University Press$d2014 215 $a69 p.$cill.$d24 cm 225 1 $aQuaderni Forum 225 1 $aStrumenti per la didattica e la ricerca$v161 300 $aAltra edizione: ISBN 9788866556381 (online - http://digital.casalini.it/9788866556381) 610 0 $aPari opportunitą$aPolitica$aPaesi dell'Unione europea 676 $a323.34094$v23$zita 702 1$aLucarelli,$bSonia 801 0$aIT$bUNINA$gREICAT$2UNIMARC 901 $aBK 912 $a9910407960503321 952 $aXIV A 854 (161)$b1424/2020$fFSPBC 959 $aFSPBC 996 $aGender and the European Union$91753311 997 $aUNINA